Syntetické diamanty a panika na trhu prírodných diamantov

Dôvody paniky na svetových diamantových trhoch. História syntetických diamantov. Priemyselná produkcia diamantov. Moderné technológie a syntetické diamanty. Predpokladaný vývoj na svetových trhoch.

Gespeichert in:
Bibliographische Detailangaben
1. Verfasser: Vravec, Ján
Format: Buchkapitel
Sprache:Slowakisch
Schlagworte:
Tags: Tag hinzufügen
Keine Tags, Fügen Sie das erste Tag hinzu!

MARC

LEADER 00000naa a2200000 4500
001 0167415
005 20231005092256.6
041 0 |a slo 
044 |a SK 
245 1 0 |a Syntetické diamanty a panika na trhu prírodných diamantov  |c Ján Vravec 
520 |a Dôvody paniky na svetových diamantových trhoch. História syntetických diamantov. Priemyselná produkcia diamantov. Moderné technológie a syntetické diamanty. Predpokladaný vývoj na svetových trhoch. 
610 2 0 |a kovy drahé 
610 2 0 |a trh svetový 
610 2 0 |a produkcia 
610 2 0 |a výroba 
610 2 0 |a ceny 
610 2 0 |a obchod 
610 2 0 |a investovanie 
610 2 0 |a investície 
100 1 |a Vravec, Ján